Представление документа в формате RUSMARC

ПолеНазваниеЗначение
  Тип записи a
  Библиографический уровень m
001 Контрольный номер RU/SLIB/B/208716395
005 Дата корректировки 20241217160945.8
010 Индекс ISBN __
d Цена 2-53; 2-45
101 Язык документа 0_
a Язык текста rus
c Язык оригинала rus
200 Заглавие и сведения об ответственности 1_
a Заглавие История внешней политики СССР
e Сведения, относящиеся к заглавию в 2 т.
f Первые сведения об ответственности под ред.: А. А. Громыко, Б. Н. Пономарева
b Общее обозначение материала Текст
h Номер части Т. 1
i Наименование части 1917-1945 гг.
205 Сведения об издании __
a Основные сведения об издании 3-е изд., доп.
210 Выходные данные 1_
a Место издания М.
c Издательство Наука
d Дата издания 1976
215 Физическое описание __
a Объем 520 с.
606 Тематические рубрики __
a Основная рубрика История
z Хронологическая подрубрика 1917-1945 гг.; 20 в.
606 Тематические рубрики __
a Основная рубрика История России и СССР (октябрь 1917 - 1991 г.)
606 Тематические рубрики __
y Географическая подрубрика Западная Европа; Россия; СССР
610 Ключевые слова 0_
a Ключевые слова интервенция; политическое положение; торгово-экономические связи; Гражданская война; Военная политика; Вторая мировая война; войны
686 Индексы других классификаций __
a Классификационный индекс 63.3(2)6-6; ст63.3(2)6-6
702 Вторичная интеллектуальная ответственность _1
a Фамилия Громыко
b Имя А. А.
4 Код отношения Редактор
702 Вторичная интеллектуальная ответственность _1
a Фамилия Пономарева
b Имя Б. Н.
4 Код отношения Редактор
801 Источник записи _0
a Страна RU
b Организация Муниципальное бюджетное учреждение культуры "Централизованная библиотечная система" г. Сургут (Центральная городская библиотека им. А. С. Пушкина)
g Правила каталогизации КиК/Уланова
801 Источник записи _1
a Страна RU
b Организация Муниципальное бюджетное учреждение культуры "Централизованная библиотечная система" г. Сургут (Центральная городская библиотека им. А. С. Пушкина)
g Правила каталогизации КиК/Уланова
852 Данные о местонахождении __
j Шифр хранения 63.3(2)6-6
c Каталожный индекс 63.3(2)6-6
i Авторский знак И 90
p Инвентарный номер 50603(с); 100497(с); 14656(п)
901 Тип документа __
t Тип документа m
990 Данные о заказе (DOS) __
j Количество экземпляров (DOS) 3
t N записи в КСУ для И/У (DOS) 199101